Dutch Eredivisie Topscorers of all-time - Statistics

General Stats
  • This quiz has been taken 82 times
  • The average score is 4 of 10
Answer Stats
# Player Goals Period Club(s) % Correct
3 Johan Cruijff 215 1964-1973/1981-1984 Ajax, Feyenoord
93%
1 Willy van der Kuijlen 311 1964-1982 PSV, MVV
69%
8 Sjaak Swart 175 1956-1973 Ajax
51%
4 Kees Kist 212 1972-1982/1984-1985 AZ
43%
2 Ruud Geels 265 1964-1972/1974-1978/1979-1984 Telstar, Feyenoord, Go Ahead Eagles, Ajax, Sparta, PSV, NAC
33%
7 Peter Houtman 178 1977-1978/1979-1987/1988-1992 Feyenoord, FC Groningen, Sparta, FC Den Haag
23%
10 Cor van der Gijp 162 1956-1963 Feyenoord
16%
6 Henk Groot 194 1959-1969 Feyenoord, Ajax
13%
8= Leo van Veen 175 1962-1979/1979-80/1980-1982/1983-1984 DOS, FC Utrecht
10%
5 Tonny van der Linden 204 1956-1970 DOS
10%
No matching quizzes found
Score Distribution
Percent of People with Each Score
Percentile by Number Answered
Your Score History
You have not taken this quiz